Регионална библиотека "Любен Каравелов" - Русе

Третият слой (Запис номер 496967)

MARC детайли
000 -Лидер
Лидер 00875nam a2200265 a 4500
003 - Код на организацията, давaща контролен номер
Код на организацията, даваща контролен номер BLK
005 - Дата и час на последна редакция
Дата и час на последна редакция 20250721115200.0
007 - Фиксирано поле за физическо описани
Физическо описание ta
008 - Елементи от данни с фиксирана дължина
Елементи с фиксирана дължина 221104b bu |||||r|||| 00| | bu d
020 ## - Международен стандартен номер на книга ISBN
ISBN 9789542730828
040 ## - Източник на каталожния запис
Код на библиотеката BLK
041 ## - Код за език
Език Български
Език за КДБФ Български
080 ## - УДК
9 (RLIN) 227592
УДК текст Българска литература
УДК код 821.163.2
УДК – определител -31
УДК – код + определител 821.163.2-31
084 ## - Класификационен индекс по друга класификация
Авторски знак Лап - Л 24
100 ## - Редна дума - Автор
R(LIN) 394784
Автор Лаптева, Гергана Гришева
245 ## - Сведения за заглавието
Заглавие Третият слой
Авторска отговорност Гергана Лаптева
260 ## - Област на издателските данни
9 (RLIN) 209434
Място на издаване София
Име на издателя Егмонт България
Година на издаване 2023
Печатница София : Ропринт
300 ## - Физическа характеристика
Брой страници 475 с.
Размер 21 см
380 ## - Жанр
Жанр Худож. лит.
500 ## - Общи забележки
Обща забележка За автора: с. 475
852 ## - Местоположение
Сигнатура (форматна) Цб 319858
Отдел Хранилище
856 ## - Електронен адрес и достъп
Инструкция (цена за достъп) 0.00
Права за достъп disable
942 ## - АРТИКУЛИ
Вид на библиотечния документ Книги
Скрит в OPAC Не
Koha issues (borrowed), all copies 7
944 ## - СЪЗДАВАНЕ И РЕДАКЦИЯ на ЗАПИСА
Създаване/Редакция
Дата на регистрацията/редакция Моника Янева
Служител, извършил регистрацията/редакцията 30575
Номер на служител Мартин Енчев
999 ## - СИСТЕМНИ КОНТРОЛНИ НОМЕРА
Koha biblionumber 496967
Koha biblioitemnumber 496967
Наличности
Код за отписване Код за изгубен артикул Източник на класификационната схема Код за повреда Код за отдаване Артикулен № Име на библиотеката - собственик Име на библиотеката, в която се намира в момента Статус (Текущо местоположение) Дата на вписване в системата Местоположение - отдел Цена в лева Инвентарен номер Систематично азбучна сигнатура Баркод Цена в евро Служебен тип на артикула
  Не е изгубен Universal Decimal Classification Не е повреден ползва се в читалня 935368 Регионална библиотека "Любен Каравелов" Русе Регионална библиотека "Любен Каравелов" Русе Хранилище 2023-10-31 Хранилище 19.90 120000894464 Цб 319858 120000894464 10.17 Книги
  Не е изгубен Universal Decimal Classification Не е повреден заемане за дома 964028 Регионална библиотека "Любен Каравелов" Русе Регионална библиотека "Любен Каравелов" Русе Заемна - подръчен фонд 2025-03-18 Заемна - подръчен фонд 13.93 120000918970 821.163.2-31/Л 24 Г 120000918970 7.12 Книги
Vip Innovations Ltd, Rousse, Bulgaria 2025